[Event "AUTO-MASTER-3235"]
[Site "http://www.queenalice.com/game.php?id=1845532"]
[Date "2024.10.16"]
[Round "1"]
[White "JailtonMaster"]
[Black "NimbleKnight"]
[Result "0-1"]
[WhiteElo "1970"]
[BlackElo "2134"]

1. e4 c5 2. Nf3 Nc6 3. d4 cxd4 4. Nxd4 g6 5. Nc3 Bg7 6. Be3 Nf6 7. f3 O-O 8. Bc4
Qb6 9. Qd2 Nxd4 10. Bxd4 Nxe4 11. Bxb6 Nxd2 12. Kxd2 Bxc3+ 13. Kxc3 axb6 14. h4
e6 15. h5 d5 16. Bd3 Bd7 17. hxg6 hxg6 18. f4 Kg7 0-1

[Event "Let's Play Chess!"]
[Site "http://www.queenalice.com/game.php?id=1846393"]
[Date "2024.10.30"]
[Round "-"]
[White "Mlintz"]
[Black "NimbleKnight"]
[Result "0-1"]
[WhiteElo "1818"]
[BlackElo "2142"]

1. e4 c5 2. Nc3 Nc6 3. Nf3 g6 4. d4 cxd4 5. Nxd4 Bg7 6. Be3 Nf6 7. Nxc6 bxc6 8.
f4 d5 9. exd5 Nxd5 10. Nxd5 Qxd5 11. c3 O-O 12. Qxd5 cxd5 13. O-O-O Bb7 14. Rg1
Rfd8 15. g3 h5 16. Bg2 e6 17. Kb1 Ba6 18. Bf3 Rd7 19. Bd4 Rc8 20. h3 Bxd4 21.
Rxd4 Rc4 22. Rgd1 Rxd4 23. cxd4 Rc7 24. Rc1 Bd3+ 0-1

[Event "AUTO-MASTER-3237"]
[Site "http://www.queenalice.com/game.php?id=1846451"]
[Date "2024.11.1"]
[Round "1"]
[White "Tonto"]
[Black "NimbleKnight"]
[Result "0-1"]
[WhiteElo "2004"]
[BlackElo "2111"]

1. e4 c5 2. Nf3 Nc6 3. Be2 g6 4. b3 Bg7 5. c3 e5 6. Bb2 d6 7. d4 cxd4 8. cxd4
Nxd4 9. Nxd4 exd4 10. Bxd4 Bxd4 11. Qxd4 Qf6 12. Qxf6 Nxf6 13. Nd2 Be6 14. f3
Rc8 15. O-O Ke7 16. Rac1 Rxc1 17. Rxc1 Rc8 18. Rxc8 Bxc8 19. Nc4 b6 20. Na3 a6
21. Nc2 Nd7 22. Ne3 Bb7 23. b4 Nf6 24. g4 h6 25. h4 a5 26. bxa5 bxa5 27. Bd1 Nd7
28. Nc4 Ne5 29. Nxa5 Bc8 30. Be2 Kd8 31. f4 Nd7 32. Nc6+ Ke8 33. a4 Nb6 34. a5
Na8 35. Bc4 Nc7 36. Kf2 Bxg4 37. a6 Bc8 38. Nb8 Be6 39. Bd3 Kd8 40. a7 f5 41.
Na6 Na8 42. Bb5 Bd7 43. Bc4 Bc6 44. Bf7 Bxe4 45. Bxg6 Kc8 46. Nb4 Kb7 47. Na2
Kxa7 48. Nc3 d5 49. Nxe4 fxe4 50. Ke3 Kb7 51. Kd4 Kc6 52. f5 Nc7 53. f6 Kd6 54.
f7 Ne6+ 55. Ke3 Ke5 56. h5 d4+ 57. Ke2 Kf4 58. Kd2 Ke5 59. Kc2 Kd5 60. Bf5 Nf8
61. Kd2 Ke5 62. Bg6 Kd5 63. Ke2 Ke5 64. Kd2 e3+ 65. Kd3 Kf6 66. Be4 Kxf7 67. Bf3
Ne6 68. Ke4 Ng5+ 69. Kxd4 Nxf3+ 70. Kxe3 Ng5 71. Kf4 Kf6 72. Kg4 Ke5 73. Kh4 Ke4
74. Kg3 Ne6 75. Kg4 Nd4 76. Kg3 Nf5+ 77. Kg4 Ng7 78. Kh4 Kf4 79. Kh3 Nxh5 80.
Kh4 Nf6 81. Kh3 Kg5 82. Kg3 Nh5+ 83. Kh3 Ng7 84. Kg3 h5 85. Kh3 Nf5 86. Kg2 Kg4
87. Kh2 Ne3 88. Kg1 Kh3 89. Kh1 Nf5 90. Kg1 Ng3 91. Kf2 Kh2 92. Kf3 h4 93. Kg4
h3 94. Kf3 Nh1 0-1

[Event "AUTO-MASTER-3237"]
[Site "http://www.queenalice.com/game.php?id=1846452"]
[Date "2024.11.1"]
[Round "1"]
[White "NimbleKnight"]
[Black "Tonto"]
[Result "1-0"]
[WhiteElo "2146"]
[BlackElo "1923"]

1. d4 d5 2. c4 Nf6 3. cxd5 Qxd5 4. Nc3 Qc4 5. e4 Qc6 6. Bb5 Qxb5 7. Nxb5 Na6 8.
f3 Bd7 9. a4 e6 10. Bf4 Bb4+ 11. Kf2 Ba5 12. Ne2 O-O 13. Rc1 c6 14. Nbc3 Nh5 15.
Be3 Nc7 16. d5 Rfd8 17. dxc6 Bxc6 18. Qc2 e5 19. Rhd1 Na6 20. g4 Nf6 21. Bg5
Bb6+ 22. Kg2 Nc5 23. Bxf6 gxf6 24. b3 a5 25. Nd5 Ba7 26. Nxf6+ Kg7 27. Nd5 Ne6
28. Ndc3 Be3 29. Rxd8 Rxd8 30. Rd1 Rf8 31. Nd5 Bg5 32. Qc3 f6 33. Qxa5 h5 34.
gxh5 Kh6 35. b4 Kxh5 36. b5 Bxd5 37. exd5 Nf4+ 38. Nxf4+ Bxf4 39. d6 Rg8+ 40.
Kf2 Bxh2 41. d7 1-0

[Event "AUTO-MASTER-3237"]
[Site "http://www.queenalice.com/game.php?id=1846469"]
[Date "2024.11.1"]
[Round "1"]
[White "NimbleKnight"]
[Black "Guilherme_Ottoni"]
[Result "1/2-1/2"]
[WhiteElo "2151"]
[BlackElo "2212"]

1. d4 d5 2. c4 dxc4 3. e3 e5 4. Bxc4 exd4 5. exd4 Bd6 6. Nf3 Nf6 7. O-O O-O 8.
h3 h6 9. Nc3 Nc6 10. Be3 Bf5 11. Qd2 Qd7 12. Rac1 a6 13. a3 Rac8 14. Bd3 Bxd3
15. Qxd3 Rfe8 16. Qd2 Kh7 17. Rfe1 Ne7 18. Red1 Ned5 19. Nxd5 Nxd5 20. Re1 c6
21. Qd3+ Kg8 22. Qd2 Nxe3 23. Rxe3 Rxe3 24. Qxe3 Re8 25. Qd2 Bc7 26. Re1 Bd6 27.
Rxe8+ Qxe8 28. Qd3 Qe6 29. Qd2 Qe4 30. Qd1 g6 31. Kf1 Kg7 32. Kg1 Qe6 33. Qd2
Qe4 34. Qd1 Qe6 35. Qd3 f6 36. Qd2 Qe4 37. Qd1 Qe6 38. Qd2 Qe4 39. Qd1 Qe6 40.
Qd3 g5 41. Qd1 Qe4 42. Kf1 f5 43. Kg1 Bb8 44. Qd2 Qb1+ 45. Ne1 Qe4 46. Qe3 Qxe3
47. fxe3 Kf6 48. Kf2 Ke6 49. Ke2 Kd5 50. Kd3 Bd6 51. Nf3 Bg3 52. Nd2 Bc7 53. Nf1
c5 54. dxc5 Kxc5 55. Nd2 Kd5 56. Nf3 Be5 57. b3 Bb2 58. a4 Be5 1/2-1/2

[Event "AUTO-MASTER-3237"]
[Site "http://www.queenalice.com/game.php?id=1846470"]
[Date "2024.11.1"]
[Round "1"]
[White "Guilherme_Ottoni"]
[Black "NimbleKnight"]
[Result "1/2-1/2"]
[WhiteElo "2210"]
[BlackElo "2144"]

1. e4 c5 2. Nf3 Nc6 3. Bb5 g6 4. O-O Bg7 5. c3 e5 6. Bxc6 dxc6 7. Qe2 Ne7 8. h3
O-O 9. d3 b6 10. Be3 Ba6 11. Rd1 Qc7 12. Nbd2 Rad8 13. Nb3 Rd7 14. a4 Rfd8 15.
Ne1 c4 16. dxc4 Rxd1 17. Rxd1 Rxd1 18. Qxd1 Bxc4 19. Nd2 Qd7 20. Qc2 Be6 21. Qd3
Qxd3 22. Nxd3 Nc8 23. f3 f6 24. Nb4 Bd7 25. b3 Kf7 26. Kf2 Bf8 27. Nd3 Be6 28.
c4 Be7 29. b4 a6 30. Ke2 Ke8 31. c5 b5 32. a5 Bd8 33. f4 exf4 34. Bxf4 Kd7 35.
Nf3 Ne7 36. Nd4 Bf7 37. g4 Bc4 38. Ke3 Bxd3 39. Kxd3 Ng8 40. Bd6 Ne7 41. Bf4 Ng8
42. Bd6 Ne7 43. Bf4 Ng8 1/2-1/2

[Event "AUTO-MASTER-3237"]
[Site "http://www.queenalice.com/game.php?id=1846471"]
[Date "2024.11.1"]
[Round "1"]
[White "NimbleKnight"]
[Black "chessman"]
[Result "1-0"]
[WhiteElo "2144"]
[BlackElo "1900"]

1. d4 d5 2. c4 c6 3. Nc3 Nf6 4. e3 e6 5. Nf3 Be7 6. Bd3 O-O 7. O-O dxc4 8. Bxc4
a6 9. e4 Re8 10. e5 Nd5 11. Nxd5 cxd5 12. Bd3 Nc6 13. Be3 h6 14. Rc1 Bd7 15. a3
Rc8 16. Qd2 Qb6 17. b4 Rc7 18. Rc3 Rcc8 19. Rfc1 Na7 20. Rxc8 Rxc8 21. Rxc8+
Bxc8 22. Qc2 Qc6 23. h3 Qxc2 24. Bxc2 Bd7 25. Bc1 f6 26. Kf1 f5 27. Ke2 Bb5+ 28.
Bd3 Bxd3+ 29. Kxd3 Nb5 30. Bb2 g5 31. Nd2 b6 32. Nb3 Kf7 33. Nd2 a5 34. a4 Nc7
35. bxa5 bxa5 36. Bc3 Bb4 37. Nb3 Na6 38. Nxa5 h5 39. Bxb4 Nxb4+ 40. Kd2 Ke7 41.
Nb3 Nc6 42. Kc3 Kd7 43. a5 Na7 44. Kb4 Nc6+ 45. Kb5 Nb8 46. Kb6 g4 47. a6 1-0

[Event "AUTO-MASTER-3237"]
[Site "http://www.queenalice.com/game.php?id=1846472"]
[Date "2024.11.1"]
[Round "1"]
[White "chessman"]
[Black "NimbleKnight"]
[Result "0-1"]
[WhiteElo "2044"]
[BlackElo "2133"]

1. e4 c5 2. b4 cxb4 3. d4 d5 4. e5 Bf5 5. a3 e6 6. f4 h5 7. axb4 Bxb4+ 8. c3 Be7
9. Nf3 Nc6 10. Bd3 Bxd3 11. Qxd3 Nh6 12. O-O O-O 13. h3 g6 14. Ba3 Nf5 15. Bxe7
Ncxe7 16. g4 hxg4 17. hxg4 Ng3 18. Rf2 Ne4 19. Nbd2 Nxf2 20. Kxf2 a6 21. Rh1 Kg7
22. f5 exf5 0-1

[Event "AUTO-MASTER-3240"]
[Site "http://www.queenalice.com/game.php?id=1847971"]
[Date "2024.11.28"]
[Round "1"]
[White "chessman"]
[Black "NimbleKnight"]
[Result "0-1"]
[WhiteElo "1865"]
[BlackElo "2155"]

1. e4 c5 2. Nf3 Nc6 3. Bc4 e6 4. O-O Nf6 5. Re1 Nxe4 6. Rxe4 d5 7. Bxd5 Qxd5 8.
d3 Be7 9. Nc3 Qd7 10. Bd2 O-O 11. Ne5 Nxe5 12. Rxe5 b6 13. Qf3 Bb7 14. Qd1 Bf6
15. Re1 Rad8 16. a3 Rfe8 17. Qe2 c4 18. Rad1 cxd3 19. cxd3 Qxd3 20. Qxd3 Rxd3
21. Be3 Rxd1 22. Rxd1 Rd8 23. Rxd8+ Bxd8 24. h3 e5 25. Kf1 Kf8 26. Ke2 Ke7 27.
f4 exf4 28. Bxf4 Bxg2 29. h4 Ke6 30. Ke3 Bxh4 0-1

[Event "AUTO-MASTER-3240"]
[Site "http://www.queenalice.com/game.php?id=1847972"]
[Date "2024.11.28"]
[Round "1"]
[White "NimbleKnight"]
[Black "chessman"]
[Result "1-0"]
[WhiteElo "2158"]
[BlackElo "1861"]

1. e4 e6 2. d4 d5 3. Nd2 dxe4 4. Nxe4 Nd7 5. Nf3 Ngf6 6. Bd3 Be7 7. O-O O-O 8.
Qe2 a6 9. Bg5 c6 10. Rfe1 Nxe4 11. Bxe7 Qxe7 12. Qxe4 Nf6 13. Qe2 h6 14. Rad1 c5
15. dxc5 Qxc5 16. c4 b5 17. cxb5 axb5 18. Bxb5 Rxa2 19. Rd2 Bb7 20. h3 Bxf3 21.
gxf3 Nd5 22. Rc2 Qb4 23. Bd3 Nf4 24. Qe4 Nxh3+ 25. Kg2 Qxe4 26. Bxe4 Nf4+ 27.
Kg3 Ng6 28. Bxg6 fxg6 29. Rxe6 g5 30. Re7 Ra4 31. Rcc7 Rb8 32. Rxg7+ Kh8 33.
Rh7+ 1-0

[Event "AUTO-MASTER-3240"]
[Site "http://www.queenalice.com/game.php?id=1847985"]
[Date "2024.11.28"]
[Round "1"]
[White "Magnaroc"]
[Black "NimbleKnight"]
[Result "1/2-1/2"]
[WhiteElo "1776"]
[BlackElo "2120"]

1. e4 c5 2. Nf3 Nc6 3. Bb5 g6 4. O-O Bg7 5. c3 e5 6. Bxc6 bxc6 7. d4 cxd4 8.
cxd4 exd4 9. Nxd4 Ne7 10. Be3 O-O 11. Nc3 Bb7 12. Qc2 d5 13. exd5 Nxd5 14. Nxd5
Qxd5 15. Qb3 Qxb3 16. axb3 Rfd8 17. Rfd1 Bf6 18. Rab1 Rd5 19. Nc2 Rxd1+ 20. Rxd1
Bxb2 21. Bd4 Bxd4 22. Rxd4 Ba6 23. Rd6 Bb5 24. f3 a5 25. Nd4 Rc8 26. Rd7 a4 27.
bxa4 Bxa4 28. Ra7 Bb5 29. Rb7 Ba4 30. Rb4 Ra8 31. Rc4 Bb5 32. Rc5 Ra6 33. Nxb5
cxb5 34. Rxb5 Ra2 35. h3 1/2-1/2

[Event "AUTO-MASTER-3240"]
[Site "http://www.queenalice.com/game.php?id=1847986"]
[Date "2024.11.28"]
[Round "1"]
[White "NimbleKnight"]
[Black "Magnaroc"]
[Result "0-1"]
[WhiteElo "2136"]
[BlackElo "1785"]

1. e4 e5 2. Nf3 Nc6 3. Bb5 a6 4. Ba4 Nf6 5. O-O b5 6. Bb3 d6 7. Re1 Be7 8. c3
Bg4 9. a4 O-O 10. h3 Bxf3 11. Qxf3 b4 12. d3 h6 13. Be3 a5 14. Nd2 Kh7 15. g4
Ng8 16. Kh2 Bg5 17. Nf1 Bxe3 18. fxe3 Qf6 19. Qxf6 Nxf6 20. Ng3 Na7 21. cxb4
axb4 22. Rac1 c5 23. Nf5 Rad8 0-1

[Event "AUTO-MASTER-3240"]
[Site "http://www.queenalice.com/game.php?id=1847993"]
[Date "2024.11.28"]
[Round "1"]
[White "yy"]
[Black "NimbleKnight"]
[Result "1/2-1/2"]
[WhiteElo "2044"]
[BlackElo "2113"]

1. e4 c5 2. c3 d5 3. exd5 Qxd5 4. d4 Nf6 5. Nf3 Nc6 6. Bb5 Bg4 7. c4 Qe4+ 8. Be3
cxd4 9. Bxc6+ bxc6 10. Nbd2 Bxf3 11. Nxe4 Bxd1 12. Nxf6+ exf6 13. Bxd4 Bg4 14.
O-O c5 15. Be3 O-O-O 16. h3 Be6 17. b3 Bd6 18. Rad1 Be7 19. Rc1 Kc7 20. Rfd1
Rxd1+ 21. Rxd1 Rd8 22. Re1 Kc6 23. g4 Bd6 24. Kg2 Rd7 25. f4 Rd8 26. Kf3 h6 27.
Rd1 Bc7 28. Re1 Bd6 29. Rd1 Be7 30. Re1 Bd6 31. Rd1 1/2-1/2

[Event "AUTO-MASTER-3240"]
[Site "http://www.queenalice.com/game.php?id=1847994"]
[Date "2024.11.28"]
[Round "1"]
[White "NimbleKnight"]
[Black "yy"]
[Result "1-0"]
[WhiteElo "2110"]
[BlackElo "2030"]

1. e4 e5 2. Nf3 d6 3. d4 exd4 4. Nxd4 Nf6 5. Nc3 Nc6 6. Bb5 Bd7 7. O-O Nxd4 8.
Bxd7+ Qxd7 9. Qxd4 Be7 10. Bf4 O-O 11. Rad1 c5 12. Qd3 Rfd8 13. Rd2 Rac8 14.
Rfd1 Rc7 15. Bxd6 Bxd6 16. Qxd6 Qxd6 17. Rxd6 Rxd6 18. Rxd6 Rd7 19. Rxd7 Nxd7
20. f4 a6 21. e5 f5 22. Kf2 Kf7 23. Ke3 Ke6 24. h3 g5 25. g3 h6 26. Kd3 b5 27.
Ne2 Kd5 28. Ng1 c4+ 29. Ke3 Nc5 30. b3 b4 31. Nf3 c3 32. fxg5 hxg5 33. Nxg5 Kxe5
34. h4 Kf6 35. Kf4 Nd3+ 36. Ke3 Ne1 37. Kd4 Nxc2+ 38. Kd3 Nd4 39. Nh3 Kg6 40.
Nf4+ Kh6 41. Kxd4 Kg7 42. Ne2 Kg6 43. Ke5 c2 44. Ke6 f4 45. gxf4 a5 46. f5+ Kh5
47. f6 Kg4 48. f7 Kf3 49. Nc1 Ke3 50. f8=Q Kd2 51. Qf4+ Kc3 52. Qe5+ Kd2 53. Qb2
Kd1 54. h5 1-0

[Event "AUTO-MASTER-3243"]
[Site "http://www.queenalice.com/game.php?id=1848930"]
[Date "2024.12.18"]
[Round "1"]
[White "NimbleKnight"]
[Black "Fauquinelle"]
[Result "1/2-1/2"]
[WhiteElo "2160"]
[BlackElo "1979"]

1. e4 e5 2. Nf3 Nc6 3. Bb5 a6 4. Ba4 Nf6 5. O-O b5 6. Bb3 Bc5 7. a4 Bb7 8. axb5
axb5 9. Rxa8 Qxa8 10. d3 Ne7 11. Nxe5 O-O 12. Qe2 d5 13. exd5 Nexd5 14. Nf3 Re8
15. Qd1 Bd6 16. Nc3 Nxc3 17. bxc3 h6 18. Be3 Ng4 19. h3 Ne5 20. Ne1 Kf8 21. Bd2
Ng6 22. Nf3 Ne5 23. Ne1 Ng6 24. Nf3 Ne5 25. Ne1 1/2-1/2

[Event "AUTO-MASTER-3243"]
[Site "http://www.queenalice.com/game.php?id=1848931"]
[Date "2024.12.18"]
[Round "1"]
[White "Fauquinelle"]
[Black "NimbleKnight"]
[Result "1/2-1/2"]
[WhiteElo "2018"]
[BlackElo "2148"]

1. e4 c5 2. Nc3 Nc6 3. g3 g6 4. Bg2 Bg7 5. d3 d6 6. Nge2 Nd4 7. O-O e6 8. a4 Ne7
9. Rb1 Nxe2+ 10. Nxe2 Bd7 11. b3 O-O 12. Nf4 e5 13. Nd5 Nxd5 14. exd5 Rb8 15. h4
h5 16. Kh2 b6 17. c4 a5 18. Be3 Qe7 19. Qd2 Kh7 20. Rbe1 Rbe8 21. f4 Qd8 22.
fxe5 Bxe5 23. Bf4 Bxf4 24. Qxf4 Rxe1 25. Rxe1 Bf5 26. Be4 Bc8 27. Kg2 1/2-1/2

[Event "AUTO-MASTER-3243"]
[Site "http://www.queenalice.com/game.php?id=1848932"]
[Date "2024.12.18"]
[Round "1"]
[White "NimbleKnight"]
[Black "Canaye14"]
[Result "1/2-1/2"]
[WhiteElo "2161"]
[BlackElo "1856"]

1. e4 e6 2. d4 d5 3. Nd2 dxe4 4. Nxe4 Nd7 5. Nf3 Ngf6 6. Bd3 Nxe4 7. Bxe4 Nf6 8.
Bg5 Be7 9. Bxf6 Bxf6 10. c3 c6 11. O-O Qc7 12. Re1 O-O 13. Qc2 g6 14. h3 e5 15.
Nxe5 Bxe5 16. dxe5 Be6 17. c4 Rad8 18. Bd3 Rd4 19. Rad1 Rfd8 20. b3 Qc8 21. Qe2
c5 22. Bb1 Rxd1 23. Rxd1 Rxd1+ 24. Qxd1 Qc7 25. Qe2 Qd7 26. Qd3 Qe7 27. f4 Bf5
28. Qd1 Bxb1 29. Qxb1 Qd7 30. Qe1 Qd4+ 31. Qf2 Qa1+ 32. Kh2 b6 33. g4 Qb1 34.
Qe2 Kg7 35. Kg2 Qc1 36. Qf2 Qd1 37. Kh2 Qd7 38. Qe2 Qd4 39. Kg3 Qg1+ 40. Kf3
Qh1+ 41. Qg2 Qd1+ 42. Kg3 Qe1+ 43. Qf2 Qe4 44. h4 h6 45. Qf3 Qe1+ 46. Kh3 Qd2
47. a4 Qd7 48. Qd5 Qc8 49. Kg3 Kf8 50. h5 gxh5 51. gxh5 Qf5 52. Qd2 Qxh5 53. Qd3
Qg6+ 54. Qxg6 fxg6 55. Kg4 Kf7 56. Kh4 Ke6 57. Kg4 Kf7 1/2-1/2

[Event "AUTO-MASTER-3243"]
[Site "http://www.queenalice.com/game.php?id=1848933"]
[Date "2024.12.18"]
[Round "1"]
[White "Canaye14"]
[Black "NimbleKnight"]
[Result "0-1"]
[WhiteElo "1815"]
[BlackElo "2132"]

1. d4 Nf6 2. Nf3 d5 3. h3 e6 4. Bf4 c5 5. c4 dxc4 6. Qa4+ Nc6 7. Qxc4 cxd4 8.
Nbd2 Qd5 9. a3 Be7 10. e3 dxe3 11. fxe3 O-O 12. Be2 b6 13. Rc1 Bb7 14. O-O Qxc4
15. Rxc4 Rac8 16. Rfc1 Na5 17. Rxc8 Rxc8 18. Rxc8+ Bxc8 19. g4 Nd5 20. Be5 Nxe3
21. Ne4 Bb7 22. Nd6 Bxd6 23. Bxd6 Nac4 24. Be5 Bxf3 25. Bxf3 Nxe5 26. Be2 f5 27.
gxf5 exf5 28. Kf2 Nd5 29. Ba6 Kf7 30. Bb7 Ke6 31. Ba6 g5 32. Bf1 Nf4 33. Ke3 Kd5
34. h4 h6 35. Ba6 Ng2+ 36. Kf2 Nxh4 37. Bb7+ Kd4 38. Bh1 Nd3+ 39. Ke2 Nxb2 40.
Bb7 Nc4 41. a4 Nb2 42. Bc6 Nc4 43. Kf2 Ne5 44. Bb7 Nhg6 45. Bh1 a6 46. Bb7 b5
47. axb5 axb5 48. Ba6 b4 49. Bb5 f4 50. Ba4 Kc3 0-1

[Event "AUTO-MASTER-3243"]
[Site "http://www.queenalice.com/game.php?id=1848934"]
[Date "2024.12.18"]
[Round "1"]
[White "NimbleKnight"]
[Black "checkers4me"]
[Result "0-1"]
[WhiteElo "2152"]
[BlackElo "2272"]

1. e4 e5 2. Nf3 Nc6 3. Bb5 Nf6 4. O-O d6 5. d4 exd4 6. Nxd4 Bd7 7. Nc3 Nxd4 8.
Bxd7+ Qxd7 9. Qxd4 Be7 10. Bg5 h6 11. Bh4 Qg4 12. Bg3 O-O 13. h3 Qe6 14. Rfe1
Rfe8 15. Rad1 a6 16. e5 dxe5 17. Rxe5 Qc6 18. Rde1 Rad8 19. Qe3 Bd6 20. Rxe8+
Rxe8 21. Qd2 Rxe1+ 22. Qxe1 Bxg3 23. fxg3 Qb6+ 24. Qf2 Qxb2 25. Qd2 c6 26. Kf2
Qxc3 27. Qxc3 Ne4+ 28. Kf3 Nxc3 0-1

[Event "AUTO-MASTER-3243"]
[Site "http://www.queenalice.com/game.php?id=1848935"]
[Date "2024.12.18"]
[Round "1"]
[White "checkers4me"]
[Black "NimbleKnight"]
[Result "1-0"]
[WhiteElo "2290"]
[BlackElo "2144"]

1. d4 Nf6 2. c4 e6 3. Nf3 d5 4. Nc3 c5 5. Bg5 cxd4 6. Nxd4 e5 7. Nb3 d4 8. Nd5
Be7 9. Bxf6 Bxf6 10. e3 Nc6 11. exd4 Nxd4 12. Nxd4 exd4 13. Qf3 O-O 14. Nxf6+
Qxf6 15. Qxf6 gxf6 16. O-O-O Rd8 17. Rd3 Be6 18. Rg3+ Kh8 19. b3 Rac8 20. Kd2
Rd7 21. Bd3 b6 22. Re1 Rg8 23. Rxg8+ Kxg8 24. Re4 Kg7 25. Rf4 h6 26. Be4 Rd8 27.
h3 Rd7 28. Kd3 Kf8 29. Rxf6 Kg7 30. Rf4 Rd8 31. Bf3 Rd7 32. Rxd4 Rc7 33. Rd6 Re7
34. b4 Rc7 35. Bd5 Bf5+ 36. Kd4 Bc2 37. c5 bxc5+ 38. bxc5 Bd1 39. c6 Ba4 40. Kc5
Bc2 41. Rd7 Rxd7 42. cxd7 Kf6 43. d8=Q+ 1-0

[Event "AUTO-MASTER-3254"]
[Site "http://www.queenalice.com/game.php?id=1852611"]
[Date "2025.2.22"]
[Round "1"]
[White "Pin"]
[Black "NimbleKnight"]
[Result "1-0"]
[WhiteElo "2111"]
[BlackElo "2123"]

1. d4 Nf6 2. Nf3 d5 3. Nc3 Bf5 4. Bf4 e6 5. Nb5 Bd6 6. Nxd6+ cxd6 7. h3 h6 8. c3
Nc6 9. e3 Qd7 10. Be2 O-O 11. O-O a6 12. Nd2 Ne4 13. Nxe4 Bxe4 14. f3 Bh7 15. c4
dxc4 16. Bxc4 d5 17. Bb3 Rac8 18. Re1 Rfd8 19. Rc1 Bg6 20. Bg3 Bh7 21. Qd2 Bg6
22. Ba4 b5 23. Bd1 Bh7 24. a3 Bg6 25. a4 Qb7 26. axb5 axb5 27. Be2 Na7 28. Qa5
f6 29. Rxc8 Rxc8 30. Ra1 Nc6 31. Qxb5 Rb8 32. Bxb8 Qxb5 33. Bxb5 Ne7 34. Ra8 1-0

[Event "AUTO-MASTER-3235"]
[Site "http://www.queenalice.com/game.php?id=1852998"]
[Date "2025.2.26"]
[Round "2"]
[White "NimbleKnight"]
[Black "CCapivara"]
[Result "1/2-1/2"]
[WhiteElo "2120"]
[BlackElo "2219"]

1. e4 d6 2. d4 Nf6 3. Nc3 c6 4. Be3 Ng4 5. Be2 Nxe3 6. fxe3 e5 7. Nf3 Bg4 8.
dxe5 Bxf3 9. Bxf3 dxe5 10. Qxd8+ Kxd8 11. O-O-O+ Kc7 12. Rd2 Bb4 13. Rd3 Bxc3
14. Rxc3 Rd8 15. Rd1 Nd7 16. Rcd3 Nc5 17. Rxd8 Rxd8 18. Rxd8 Kxd8 19. Kd2 Ke7
20. b3 g6 21. Ke2 Ke6 22. Bg4+ f5 23. exf5+ gxf5 24. Bh3 Ne4 25. a4 h5 26. g3
Nc3+ 27. Kd2 Ne4+ 28. Ke2 Nc3+ 1/2-1/2